00445pab a2200133 454500008004000000100001700040245016900057260000900226300001500235362000800250650001000258650002300268773002000291180718b2017 xxu||||| |||| 00| 0 eng d aBakir, Caner aHow can interactions among interdependent structures, institutions, and agents inform financial stability?: What we have still to learn from global financial crisis c2017 ap.217-239. aJun aBanks aEconomic recession aPolicy Sciences